000 00337nam a2200145Ia 4500
008 150201s2005 xx 000 0 und d
082 _a615.8
_bR05S
100 _aSUNDER , S.
245 _aTB. OF REHABILITATION
250 _a2ND
260 _bJAYPEE
_aINDIA
_c2005
300 _a1-419
650 _aREHABILITATION
942 _2ddc
_cBK
_015
999 _c1480
_d1480